000 00476nam a2200169 i 4500
001 bg
100 1 _aKOLMAN, Romuald
245 0 _aSterowanie jakością wytwarzania :
_bćwiczenia audytoryjne /
_cR. Kolman, J. Ślusarczyk, Zbigniew Dambek.
260 _aGdańsk,
_c1979.
700 1 _aŚLUSARCZYK, Jolanta
700 1 _aDAMBEK, Zbigniew
040 _cBPK
041 _apol
080 _a658.56::66/69(075.8)
942 _cKS
008 s pl f |000 0 pol
999 _c19109
_d19109
856 _uhttp://koha.tu.koszalin.pl/cgi-bin/koha/opac-detail.pl?biblionumber=19109
_yKatalog online BPK